| 000 | 00563nam a2200205Ia 4500 | ||
|---|---|---|---|
| 005 | 20250923145102.0 | ||
| 008 | 008 250917s9999 xx 000 0 eng d | ||
| 037 | _aTextual | ||
| 040 |
_aDSWL _beng _cDSWL |
||
| 041 |
_aeng _2eng |
||
| 084 |
_aY:f:P _qDSWL |
||
| 100 |
_aOppenheim, A.N. _9831652 |
||
| 245 | 0 |
_aQuestionnaire design and attitude mesurement _cby A.N. Oppenheim |
|
| 260 |
_aLondon _bHeinemann _c1966 |
||
| 300 | _a372 p. | ||
| 365 |
_aINR _b35 |
||
| 925 | _g35 | ||
| 942 |
_cTEXL _hY:f:P |
||
| 999 |
_c1446907 _d1446907 |
||